Quizz Pokemon - Statistiques

Statistiques générales
  • Ce quiz a été pris 182 fois
  • Le résultat moyen est 38 sur 50
Statistiques - réponses
Question Réponse % Correct
Quels sont les 2 pokemon Mascotte des jeux Soleil et Lune ? Solgaleo et Lunala
94%
Quels sont les 2 pokemon Mascotte des jeux X et Y ? Xerneas et Yveltal
94%
A quelle Team de méchants appartiennent Jessie et James ? La Team Rocket
93%
Quel est le Pokemon Mascotte de la franchise Pokemon ? Pikachu
93%
Quel est le nom du Jeu Mobile Pokemon qui permet de trouver des pokemon en marchant dans la rue ? Pokemon Go
93%
Quels sont les 2 pokemon de départ possibles dans les versions Pokemon Let's Go ? Evoli et Pikachu
92%
Quel est le nom du personnage principal de l'Anime Pokemon? Sacha
92%
Quels sont les 3 Pokemon de Départ de la 1ère Génération ? Bulbizarre - Salamèche - Carapuce
91%
Quel Pokemon parlant le langage humain est le partenaire principal de Jessie et James ? Miaouss
89%
Quels sont les 2 pokemon Mascotte des jeux Diamant et Perle ? Palkia et Dialga
89%
Quel est le nom des Pokemon traversant les Ultra-Brèches dans Pokemon Ultra-Soleil et Ultra-Lune ? Ultra-Chimère
88%
Quels sont les 2 pokemon Mascotte des jeux Or et Argent ? Lugia et Ho-Oh
87%
Quels sont les 2 pokemon Mascotte des jeux Rubis et Saphir ? Groudon et Kyogre
86%
Quelle est parmi ces réponses, la fonctionnalité qui n'existe pas? Méga-Force
86%
Quels sont les 2 pokemon Mascotte des jeux Noir et Blanc ? Reshiram et Zekrom
86%
Quel est le Pokemon de prédilection de Cynthia, la Maître de la Ligue de Sinnoh ?
85%
Quelle est le nom de la pierre qui empêche un Pokemon d'évoluer lors d'un échange ? Pierre Stase
85%
Par quel moyen Pikachu évolue-t-il ? Avec une pierre évolutive
84%
Quelle est la différence physique entre un Pikachu mâle et un Pikachu Femelle ? La forme de sa queue
84%
Quelle Pierre Evolutive n'existe pas ? Pierre Fer
84%
Parmi ces Teams de méchants, laquelle n'existe pas ? Team Vilains
83%
Quel Type est inefficace contre le Type Sol ? Electrik
82%
Quel est le dernier Type apparu pour le moment ? Fée
82%
Quel est le nom de la particularité des pokemon qui changent d'aspect et de type selon la région dans laquelle ils vivent ? Formes Régionales
82%
Quel Type est inefficace contre le Type Vol ? Sol
82%
Quels sont les 2 pokemon Mascotte des jeux Épée et Bouclier ? Zacian et Zamazenta
81%
Quel est le Pokemon de prédilection de Peter, le Maître de la Ligue Indigo ?
77%
Quel est le Pokemon de prédilection de Goyah, le Maître de la Ligue d'Unys ?
77%
Quel Type est inefficace contre le Type Fée ? Dragon
77%
Quel est le nom de la région inspiré du Nord de la France ? Kalos
77%
Parmi ces 4 Pokemon, lequel ne possède pas de Méga-Evolution ?
74%
Parmi ces 4 pokemon, lequel possède le type Dragon ?
73%
Quel est le Pokemon de prédilection de Pierre Rochard, le Maître de la Ligue de Hoenn ?
73%
Quels Types sont inefficaces contre le Type Spectre ? Combat et Normal
73%
Quel est le nom de la région inspiré du Royaume-Uni ? Galar
73%
Quel Type est inefficace contre le Type Acier ? Poison
70%
Parmi ces 4 pokemon, lequel possède le type Fée ?
69%
Quel est le Pokemon de prédilection de Tarak, le Maître de la Ligue de Galar ?
69%
Combien de formes différentes possèdent le Pokemon Plumeline ? 4
69%
Quel Type est inefficace contre le Type Ténèbres ? Psy
67%
Combien de générations de Pokemon existe-t-il pour le moment ? 9
66%
Combien d'évolutions Evoli compte-t-il ? 8
65%
Parmi ces 4 Pokemon, lequel ne possède pas de forme Gigamax ?
64%
Quel est le nom de la région inspiré de l'Espagne ? Paldea
63%
Parmi ces réponses, quel double-type n'existe pas ? Acier - Normal
59%
Combien existe-t-il de Types différents ? 18
56%
Quel est le Pokemon de prédilection d'Alisma, la Maître de la Ligue de Paldea ?
51%
Parmi ces 4 pokemon, lequel possède le type Normal ?
48%
De combien de forme(s) régionale(s) compte(nt) le Pokemon Miaouss ? 2
47%
Combien de couleurs différentes possèdent le Pokemon Tapatoès ? 4
47%
Aucun quiz correspondant
Distribution des résultats
% des personnes avec chaque résultat
Percentile par nombre de réponses
Votre historique - résultats
Vous n’avez pas pris ce quiz